| 000 | 01084aam a2200301 i 4500 | ||
|---|---|---|---|
| 001 | 768714001 | ||
| 003 | CO-MdFUSB | ||
| 005 | 20241122083600.0 | ||
| 007 | ta | ||
| 008 | 170403t19662001-us |||| |||| 00| 0 eng d | ||
| 020 | _a3-438-05113-3 | ||
| 040 |
_aCO-MdFUSB _bspa _cCO-MdFUSB _dCO-MdFUSBC _erda |
||
| 041 | 0 | _aeng | |
| 082 | 0 | 4 |
_a225.48 _223 _bG793 |
| 245 | 0 | 4 |
_aThe greek New Testament : _bdictionary _c/ Editado por : Kurt Aland , Matthew Black , Carlo M. Martini , Bruce M. Metzger , Allen Wikgren |
| 250 | _acuarta edición revisada | ||
| 264 | 1 |
_aStuttgart, Germany _b: United Bible Societies, _c[2001] |
|
| 264 | 4 | _c©2001 | |
| 300 |
_a918 páginas _c; 19 cm |
||
| 336 |
_2rdacontent _atexto _btxt |
||
| 337 |
_2rdamedia _asin mediación _bn |
||
| 338 |
_2rdacarrier _avolumen _bnc |
||
| 505 | _aEl texto -- El aparato textual -- El aparato de segmentación del discurso -- Sistema de referencia cruzada -- Lista de símbolos y abreviaturas | ||
| 563 | _aTexto en inglés y griego | ||
| 630 | 0 | 7 |
_aBiblia. _pNuevo Testamento _vGriego |
| 942 | _cBK | ||
| 945 | _aJTF-925 | ||
| 999 |
_c44468 _d44468 |
||